Cartoon Network: Punchtime Explosion - Statistics

General Stats
  • This quiz has been taken 21 times
  • The average score is 18 of 26
Answer Stats
Answer % Correct
Ben Tennyson (Ultimate Alien)
86%
Ben Tennyson (Young)
86%
Buttercup
86%
Johnny Bravo
86%
Billy & Mandy
79%
Blossom
79%
Bubbles
79%
Dexter
79%
Mac & Bloo
79%
Mojo Jojo
79%
Chowder & Kimchi
71%
Flapjack
71%
Him
71%
Samurai Jack
71%
Grim
64%
Kevin Levin
64%
Numbuh One (Nigel Uno)
64%
Vilgax
64%
Aku
57%
Captain Planet
57%
Father
57%
Captain K'nuckles
50%
Monkey
50%
Scotsman
50%
Toiletnator
50%
Hoss Delgado
36%
No matching quizzes found
Score Distribution
Percent of People with Each Score
Percentile by Number Answered
Your Score History
You have not taken this quiz